00733nam a2200241Ia 4500003000400000005001700004008004100021020002200062040000700084041000800091082002600099100002300125245003200148250000700180260003200187300001600219365001400235650004600249906003300295942001200328999001900340952013200359OSt20230410142240.0210423s2016 xx 000 0 und d a978-1-138-84166-6 cAL aeng a791.450232 223bOWET aOWENS (Jim)985350 aTelevision production Ed 16 a16 aNew YorkbFocal Pressc2016 axix,430bPB b3558cINR aMotion Pictures, Radio, Television985351 a16 ; production ; Television 2ddccBK c169505d169505 001040708MAJMCaSACPGbSACPGd2018-10-27eAmazong3558.00l0o791.450232 OWETpPG016007r2022-08-24 00:00:00w2021-04-26yBK